| 000 | 00814nam a22002057a 4500 | ||
|---|---|---|---|
| 008 | 100519t xxu||||| |||| 00| 0 eng d | ||
| 020 | _a9780521732253 (Paperback) | ||
| 020 | _a9780521732246 (paperback plus 2 audio CDs) | ||
| 082 |
_222 _a428.64 _bJOH |
||
| 100 | 1 |
_910256 _aJohnson, Margaret _d1959- |
|
| 245 |
_aIn the House / _cMargaret Johnson. |
||
| 260 |
_aCambridge : _bCambridge University press, _cc2009. |
||
| 300 |
_a80 p. : _bill.; _c20 cm. + _e3 CD-ROM (4 3/4 in.) |
||
| 306 | _a1 CD- ROM of 3 (ca. 64' 57"), 2 CD- ROM of 3 (ca. 58' 26"), 3 CD- ROM of 3 (ca. 41' 45") | ||
| 490 |
_aCambridge English readers; _vLevel 4 _914159 |
||
| 650 | 0 |
_92723 _aEnglish Language. |
|
| 650 | 0 |
_99993 _aEnglish Language--study and teaching--foreign speakers |
|
| 720 |
_aAldred, Sophie _eRead by |
||
| 942 |
_2ddc _cBB |
||
| 999 |
_c14006 _d14006 |
||